<?xml version="1.0" encoding="UTF-8"?>
<record
    xmlns:xsi="http://www.w3.org/2001/XMLSchema-instance"
    xsi:schemaLocation="http://www.loc.gov/MARC21/slim http://www.loc.gov/standards/marcxml/schema/MARC21slim.xsd"
    xmlns="http://www.loc.gov/MARC21/slim">

  <leader>00824nam a22001937a 4500</leader>
  <datafield tag="999" ind1=" " ind2=" ">
    <subfield code="c">169656</subfield>
    <subfield code="d">169656</subfield>
  </datafield>
  <controlfield tag="005">20191128112129.0</controlfield>
  <datafield tag="010" ind1=" " ind2=" ">
    <subfield code="a">UR-10634</subfield>
  </datafield>
  <datafield tag="020" ind1=" " ind2=" ">
    <subfield code="c">350.00</subfield>
    <subfield code="a">9788193931028</subfield>
  </datafield>
  <datafield tag="035" ind1=" " ind2=" ">
    <subfield code="a">U-9189</subfield>
  </datafield>
  <datafield tag="037" ind1=" " ind2=" ">
    <subfield code="b">DBAD/PUB</subfield>
    <subfield code="a">-</subfield>
  </datafield>
  <datafield tag="082" ind1=" " ind2=" ">
    <subfield code="a">844.08</subfield>
  </datafield>
  <datafield tag="100" ind1=" " ind2=" ">
    <subfield code="a">&#x62A;&#x631; &#x62A;&#x64A;&#x628;&#x628; &#x648;  &#x62A;&#x62F; &#x648; &#x64A;&#x646;: &#x646;&#x648; &#x631; &#x64A;&#x646; &#x627; &#x634;&#x631; &#x641; &#x60C;&#x646;&#x633;&#x631; &#x64A;&#x646; </subfield>
  </datafield>
  <datafield tag="245" ind1=" " ind2=" ">
    <subfield code="a">&#x62C;&#x62F; &#x64A;&#x62F; &#x634;&#x639;&#x631; &#x627; &#x621; &#x67E;&#x646;&#x62C;&#x627; &#x628; (&#x62A;&#x62D;&#x642;&#x64A;&#x642;&#x6CC; &#x648; &#x62A;&#x646;&#x642;&#x64A;&#x62F; &#x6CC; &#x645;&#x636;&#x627; &#x645;&#x64A;&#x646;)</subfield>
    <subfield code="c">&#x62A;&#x631; &#x62A;&#x64A;&#x628;&#x628; &#x648;  &#x62A;&#x62F; &#x648; &#x64A;&#x646;: &#x646;&#x648; &#x631; &#x64A;&#x646; &#x627; &#x634;&#x631; &#x641; &#x60C;&#x646;&#x633;&#x631; &#x64A;&#x646; </subfield>
  </datafield>
  <datafield tag="246" ind1=" " ind2=" ">
    <subfield code="b">Jadeed Shora-e-Punjab(Tehqiqi -W-Tanqeedi Mazameen) (Urdu)</subfield>
    <subfield code="a">Ed.by Naurin Ashraf</subfield>
  </datafield>
  <datafield tag="260" ind1=" " ind2=" ">
    <subfield code="a">Delhi</subfield>
    <subfield code="b">Educational Publishing House</subfield>
    <subfield code="c">2019 &#x621;</subfield>
  </datafield>
  <datafield tag="270" ind1=" " ind2=" ">
    <subfield code="a">3191,Vakil Street, Kucha Pandit,Lal Kuan,</subfield>
    <subfield code="b">Delhi</subfield>
    <subfield code="e">110006</subfield>
    <subfield code="k">01123216162</subfield>
    <subfield code="l">-</subfield>
  </datafield>
  <datafield tag="300" ind1=" " ind2=" ">
    <subfield code="a">320 &#x635; </subfield>
    <subfield code="c">22 Cm(Hb)</subfield>
  </datafield>
  <datafield tag="942" ind1=" " ind2=" ">
    <subfield code="2">ddc</subfield>
    <subfield code="c">UR</subfield>
    <subfield code="h">844.08</subfield>
    <subfield code="m">&#x62C; &#x62F; &#x6CC; </subfield>
  </datafield>
  <datafield tag="952" ind1=" " ind2=" ">
    <subfield code="0">0</subfield>
    <subfield code="1">0</subfield>
    <subfield code="4">0</subfield>
    <subfield code="7">1</subfield>
    <subfield code="8">NFIC</subfield>
    <subfield code="a">DBAD</subfield>
    <subfield code="b">DBAD</subfield>
    <subfield code="d">2019-11-28</subfield>
    <subfield code="e">DBAD/PUB</subfield>
    <subfield code="g">350.00</subfield>
    <subfield code="l">0</subfield>
    <subfield code="o">844.08 &#x62C; &#x62F; &#x6CC;</subfield>
    <subfield code="p">U-9189</subfield>
    <subfield code="r">2019-11-28 00:00:00</subfield>
    <subfield code="t">1</subfield>
    <subfield code="v">350.00</subfield>
    <subfield code="w">2019-11-28</subfield>
    <subfield code="y">UR</subfield>
  </datafield>
</record>
